Dẫn luận nghiên cứu Apec
Spremljeno u:
| Glavni autor: | |
|---|---|
| Format: | Knjiga |
| Izdano: |
Hà Nội
Chính trị Quốc gia
2013
|
| Teme: | |
| Oznake: |
Dodaj oznaku
Bez oznaka, Budi prvi tko označuje ovaj zapis!
|
| Thư viện lưu trữ: | Trung tâm Học liệu Lê Vũ Hùng, Trường Đại học Đồng Tháp |
|---|
| LEADER | 00881pam a22003138a 4500 | ||
|---|---|---|---|
| 001 | 00035146 | ||
| 005 | 20171026081025.0 | ||
| 008 | 161121s2013 ||||||Viesd | ||
| 020 | |c 63000 | ||
| 041 | 0 | # | |a Vie |
| 082 | 1 | 4 | |a 337.1 |b D121L |
| 100 | 1 | # | |a Mạc, Đường |
| 245 | 0 | 0 | |a Dẫn luận nghiên cứu Apec |c Mạc Đường |
| 260 | # | # | |a Hà Nội |b Chính trị Quốc gia |c 2013 |
| 300 | # | # | |a 278tr. |c 21cm |
| 653 | # | # | |a Apec |
| 653 | # | # | |a Nghiên cứu |
| 653 | # | # | |a Lịch sử |
| 653 | # | # | |a Kinh tế |
| 653 | # | # | |a Hợp tác |
| 852 | # | # | |j KM.0019731 |j KD.0018729 |j KM.0023633 |j KM.0023632 |
| 852 | # | # | |b Kho đọc |j KD.0018729 |
| 852 | # | # | |b Kho mượn |j KM.0019731 |
| 910 | |d 21/11/2016 | ||
| 980 | # | # | |a Trung tâm Học liệu Lê Vũ Hùng, Trường Đại học Đồng Tháp |